000 01518cam a2200421Ia 4500
001 6980052
003 ARRUPE
005 20140128133045.0
006 m u
007 cr cn|||||||||
008 980610s1997 enk sb 001 0 eng d
010 _z 98027906
020 _z9780304332854
020 _z9781847141583
020 _z0304332828 (hardback)
020 _z0304332852 (paperback)
035 _a(CaPaEBR)ebr10224725
035 _a(NNC)6980052
040 _aCaPaEBR
_cCaPaEBR
050 1 4 _aLC5225.C42
_b.C466 1997
082 0 4 _a374.8
_221
100 1 _aChapman, Judith D.
_97146
245 1 4 _aThe school, the community and lifelong learning
_h[electronic resource] /
_cJudith D. Chapman and David N. Aspin.
260 _aLondon ;
_aWashington :
_bCassell,
_c1997.
300 _axii, 337 p.;
_c25cm.
490 1 _aSchool development series
504 _aIncludes bibliographical references (p. 315-329) and index.
533 _aElectronic reproduction.
_bPalo Alto, Calif. :
_cebrary,
_d2008.
_nAvailable via World Wide Web.
_nAccess may be limited to ebrary affiliated libraries.
650 0 _aContinuing education.
_97147
650 0 _aCommunity and school.
_97148
655 7 _aElectronic books.
_2local
_97149
700 1 _aAspin, David N.
_97150
710 2 _aebrary, Inc.
_97151
830 0 _aSchool development series.
_97152
856 4 0 _uhttp://www.columbia.edu/cgi-bin/cul/resolve?clio6980052
_zClick here for full text.
942 _2lcc
_cMONOGRAPH
999 _c119727
_d119727